00504nam a2200169Ia 4500003000900000008004100009040001600050080001700066100002000083245010400103250001100207260003400218300001500252500002600267650001900293650002200312IN-BaIIA211028s9999 xx 000 0 eng d cIIA Library a530.145bDIR aDirac, P. A. M. 4aThe principles of quantum mechanicscP. A. M. Dirac  a3rd ed aOxfordbClarendon Pressc1947 axii, 311p. aDonated by Mrs. Bappu aNASA Thesaurus aQuantum mechanics